| 000 | 00484nam a22001577a 4500 | ||
|---|---|---|---|
| 005 | 20180806155143.0 | ||
| 008 | 120428t xxu||||| |||| 00| 0 eng d | ||
| 020 |
_a8173913765 _c450.00 |
||
| 035 | _aB-19276, B-019275, B-019278 | ||
| 040 |
_aDPL _bENG |
||
| 100 |
_aAgarwal, Amita _945995 |
||
| 245 |
_aIndian ocean and world peace/ _cby Anita Agarwal |
||
| 260 |
_aNew Delhi _bKanishka Publication _c2000 |
||
| 300 | x |
_axiv,217p. _c23cm |
|
| 942 |
_2ddc _cEN _h327 _mAGA |
||
| 999 |
_c65769 _d65769 |
||